Estatísticas para Jogadores que marcaram gol no Brasileirão 2021 pelo Atlético Mineiro

Clique aqui para jogar o quiz

Estatísticas Gerais

  • Esse quiz foi jogado 79 vezes
    (67 desde o último reset)
  • A pontuação média é 14 de 19

Estatísticas das Respostas

N° GolsPosiçãoPaísJogador% Correto
1DefesaBraGuilherme Arana
100%
19AtaqueBraHulk
100%
5Meio CampoArgNacho
100%
4AtaqueChiEduardo Vargas
96%
7Meio CampoArgMatías Zaracho
94%
5AtaqueVenSavarino
92%
2Meio CampoBraJair
90%
5AtaqueBraKeno
90%
4AtaqueEspDiego Costa
85%
1DefesaParJunior Alonso
83%
2Meio CampoBraNathan
81%
2Meio CampoColDylan / Dylan Borrero
71%
2AtaqueBraEduardo Sasha
69%
3DefesaBraNathan Silva
69%
1DefesaBraDodô
60%
1Meio CampoBraHyoran
54%
1Meio CampoBraNeto
33%
1Meio CampoBraTchê Tchê
33%
1DefesaBraGabriel
19%

Distribuição das Pontuações

Percentil de Números Respondidos

Porcentagem de Pessoas com Cada Pontuação

Sua Pontuação Histórica

Você não jogou esse quiz desde o último reset